Longest Words in English - Statistics

General Stats
  • This quiz has been taken 114 times
  • The average score is 4 of 15
Answer Stats
Hint Answer % Correct
Lung Disease Pneumonoultramicroscopicsilicovolcanoconiosis
90%
Anti Church Antidisestablishmentarianism
57%
Extraordinary Supercalifragilisticexpialidocious
54%
Worthless Floccinaucinihilipilification
43%
PHP Pseudopseudohypoparathyroidism
35%
DDT Dichlorodiphenyltrichloroethane
20%
Can't Comprehend Incomprehensibilities
16%
Achieve Honors Honorificabilitudinitatibus
14%
Ear, Nose, Throat Otorhinolaryngological
14%
EDTA (Plural) Ethylenediaminetetraacetates
10%
EEG Electroencephalographically
6%
System Interactions Psychoneuroendocrinological
4%
Fear of Long Words Hippomonstrosesquippedaliophobia
3%
Technique Radioimmunoelectrophoresis
3%
Goal Counterrevolutionary
0%
No matching quizzes found
Score Distribution
Percent of People with Each Score
Percentile by Number Answered
Your Score History
You have not taken this quiz